[Event "ESTT O65  Wales - Israel"]
[Site "?"]
[Date "2016.04.19"]
[Round "1.1"]
[White "Powell, J Lloyd"]
[Black "Birnboim, Nathan"]
[Result "0-1"]
[WhiteElo "2076"]
[BlackElo "2344"]
[Annotator "User,Windows"]
[PlyCount "80"]
[EventDate "2016.04.19"]
[SourceDate "2016.04.19"]

1. d4 Nf6 2. c4 g6 3. Nf3 Bg7 4. g3 O-O 5. Bg2 d6 6. O-O Nbd7 7. Nc3 e5 8. h3
a6 9. e4 b5 10. c5 $6 exd4 11. Nxd4 Nxc5 12. Nc6 Qe8 13. e5 dxe5 14. Nxe5 Bb7
$17 15. Bxb7 Nxb7 $6 (15... Rd8) 16. Re1 Qc8 17. Qf3 b4 18. Nd5 Nxd5 19. Qxd5
Nd6 20. Bf4 Qxh3 21. Nc6 Rae8 22. Ne7+ Kh8 23. Qc6 Rd8 24. Rad1 Nb5 25. Bxc7 (
25. Rxd8 Rxd8 26. Nf5 $11) 25... Rxd1 26. Rxd1 Nd4 $2 27. Qe4 $11 Ne6 28. Be5
f6 29. Bf4 Qg4 30. Re1 Nxf4 31. Qxf4 Qxf4 32. gxf4 f5 33. Nc6 $2 Bxb2 $19 34.
Re7 Bc3 35. Ra7 Re8 36. Rxa6 Re4 37. Nd8 Kg7 38. Ra7+ Kg8 39. Nf7 Rxf4 40. Nh6+
Kf8 0-1

[Event "ESTT O65  Wales - Israel"]
[Site "?"]
[Date "2016.04.19"]
[Round "1.2"]
[White "Maryasin, Boris"]
[Black "Thornton, John D"]
[Result "1/2-1/2"]
[WhiteElo "2323"]
[BlackElo "2028"]
[Annotator "User,Windows"]
[PlyCount "50"]
[EventDate "2016.04.19"]
[SourceDate "2016.04.19"]

1. e4 e6 2. d4 d5 3. e5 c5 4. c3 Nc6 5. Nf3 Bd7 6. a3 f6 7. Bd3 Qc7 8. O-O
O-O-O 9. Re1 fxe5 10. dxe5 c4 11. Bf1 Bc5 12. Bg5 Rf8 13. Nbd2 h6 14. Bh4 (14.
Be3 Bxe3 15. Rxe3 Na5) 14... g5 15. Bg3 Nge7 (15... h5 $1 16. h4 g4 17. Ng5
Nge7 $17) 16. b4 cxb3 17. Nxb3 Bb6 18. Nfd4 Nf5 19. Nxf5 Rxf5 20. Bd3 Rff8 21.
Qg4 Qd8 (21... h5 22. Qxg5 h4 23. Bxh4 (23. Bf4 Bxf2+ 24. Kxf2 Qb6+ 25. Nd4
Nxd4 26. cxd4 Qxd4+ {[%csl Rd3,Rf4]}) 23... Rxh4 24. Qxh4 Bxf2+ 25. Qxf2 Rxf2
26. Kxf2 Qb6+ 27. Nd4 Nxd4 28. cxd4 Qxd4+ 29. Ke2 Qxe5+ 30. Kd2 Qxh2) 22. Bg6
Qe7 23. Bh5 Be8 24. Bxe8 Qxe8 25. Nd4 Bxd4 1/2-1/2

[Event "ESTT O65 Wales - Israel"]
[Site "Halkidiki"]
[Date "2016.04.19"]
[Round "1.3"]
[White "Van Kemenade, Rudy"]
[Black "Gutkin, Boris"]
[Result "0-1"]
[WhiteElo "1957"]
[BlackElo "2320"]
[Annotator "Kemenade"]
[PlyCount "68"]
[EventDate "2016.??.??"]

1. e4 c5 2. Nf3 d6 3. Bb5+ Nd7 4. O-O a6 5. Bd3 e6 6. c3 Ngf6 7. Bc2 Be7 8. d4
Qc7 9. Re1 b6 (9... b5) 10. a4 (10. e5 dxe5 11. dxe5 Nd5 12. a4 Bb7 13. Na3 $14
{Fritz15}) 10... Bb7 11. h3 Nf8 12. Bf4 (12. d5 exd5 13. exd5 Bxd5 14. Bg5 Be6
15. Nbd2 d5 16. a5 Ng6 17. Bxg6 hxg6 18. Rxe6 fxe6 19. axb6 Qxb6 20. Qa4+ Nd7
21. Ne5 Qc7 22. Bxe7 Qxe5 23. Bxc5 Qc7 24. Ba3 $14 {Fritz15}) (12. Bg5 {
considered} h6 13. Bxf6 Bxf6 14. e5 dxe5 15. dxe5 Be7 16. Nbd2 Rd8 17. Qe2 Ng6
18. Bxg6 fxg6 19. Qc4 Qc6 20. Qg4 O-O 21. Qxg6 Rf5 $11) 12... Ng6 13. Bh2 Rc8
14. Bd3 (14. d5 exd5 15. exd5 Bxd5 16. Qe2 Bxf3 17. Qxf3 O-O 18. Nd2 $14 {
Fritz15}) 14... c4 15. Bc2 e5 16. Na3 O-O 17. dxe5 (17. Nd2 exd4 18. cxd4 c3
19. bxc3 Qxc3 20. d5 Nd7 21. Bb3 Nde5 22. Rc1 Qb4 23. Nc2 Qa5 $11 {Fritz15}) (
17. Rb1 Rfd8 18. Nd2 exd4 19. cxd4 c3 20. bxc3 Qxc3 21. Rxb6 Ba8 22. Ndb1 Qa5
23. Rb2 d5 24. e5 Ne4 $11 {Fritz15}) 17... dxe5 $15 18. Nd2 (18. Nd4 {
considered} Rfd8 19. Qe2 Bf8 20. Nf5 Qc6 21. Kh1 b5 22. axb5 axb5 23. Nb1 Qe6
24. Nd2 Nxe4 25. Nxg7 Nxf2+ 26. Qxf2 Bxg7 27. Ra7 Rc7 $15 {Fritz15}) 18... Bxa3
19. Rxa3 Qc5 (19... Rfd8 20. Qe2 Nh5 $15 {Fritz15}) 20. Qe2 $11 Rfe8 21. Raa1
h6 22. Rad1 b5 23. axb5 axb5 24. Nf1 (24. Nf3 Rcd8 25. Rxd8 Rxd8 26. Ra1 $11 {
Fritz15}) 24... Rcd8 25. Qf3 Qc6 26. Rxd8 (26. Ng3 Bc8 (26... Nh4 27. Qe3 $11)
(26... Nf4 27. Nf5 Qc7 28. Bg3 $11) 27. Nh5 Nxh5 28. Qxh5 Bb7 29. Rxd8 Rxd8 30.
Rd1 Qf6 31. Bg3 $11 {Fritz15}) 26... Rxd8 27. Qe2 (27. Qe3 $11 Nh5 28. g3 Bc8
29. h4 Nf8 30. Rd1 Rxd1 31. Bxd1 Nf6 32. f3 $11 {Fritz15}) 27... Qc5 28. Qe3 $2
(28. Nd2 {considered} Nh5 29. g3 {missed} Nf6 30. Kg2 Ra8 31. Nf1 Qc6 32. f3
Ra2 33. Bb1 Ra1 34. Bg1 $11 {Fritz15}) (28. Bg3 {pm analysis} Nf4 29. Bxf4 exf4
30. Nd2 Re8 31. Qf3 (31. Rd1) 31... Qd6 32. Rd1 Qc7 $15 {Fritz15, but Wh has
scarcely any improving moves}) 28... Qxe3 29. Rxe3 Ra8 $15 30. b4 (30. Re2 Ra2
31. Bb1 Ra1 32. Re1 Bxe4 33. Nd2 Bd3 34. f3 Bxb1 35. Rxb1 Ra2 $19 {Fritz15})
30... Ra2 31. Bd1 (31. Bb1 Rb2 32. Re1 Rb3 33. Rc1 Nxe4 $17 {Fritz15}) 31...
Bxe4 $19 32. f3 (32. Re1 Nf4 33. Bxf4 exf4 34. Nh2 Ra1 35. Kf1 Nd5 $19 {Fritz15
}) (32. Bh5 {considered} Nxh5 33. Rxe4 f6 $19 (33... Nf6 34. Re1 Nd5 35. Bxe5
Nxe5 36. Rxe5 Nxc3 $19) 34. Re3 Nhf4 35. Bxf4 Nxf4 36. Ng3 Ra1+ 37. Kh2 Nd5 38.
Rf3 Rd1 $19 {Fritz15}) 32... Bd3 33. Bxe5 Ra1 34. Be2 (34. Bxf6 Rxd1 35. Re8+
Kh7 36. Bd4 Nf4 37. Rb8 Rxf1+ 38. Kh2 Ne2 39. Be5 f6 40. Bd6 Nxc3 $19 {Fritz15}
) 34... Nd5 0-1

[Event "ESTT O65  Wales - Israel"]
[Site "?"]
[Date "2016.04.19"]
[Round "1.4"]
[White "Lederman, Leon"]
[Black "Miles, Richard"]
[Result "1/2-1/2"]
[WhiteElo "2264"]
[BlackElo "1971"]
[Annotator "User,Windows"]
[PlyCount "49"]
[EventDate "2016.04.19"]
[SourceDate "2016.04.19"]

1. e4 c5 2. Nf3 Nc6 3. d4 cxd4 4. Nxd4 g6 5. Nc3 Bg7 6. Be3 Nf6 7. Bc4 O-O 8.
Bb3 a5 9. a3 Ng4 10. Qxg4 Nxd4 11. Qd1 Nxb3 12. cxb3 d6 $15 13. Qd2 Be6 14. Nd5
Bxd5 15. exd5 Qd7 16. a4 b5 17. O-O Rfb8 18. Rfe1 bxa4 19. Rxa4 Rxb3 20. Rxa5
Rab8 21. Ra7 R3b7 22. Rxb7 Qxb7 23. Bg5 Qxb2 24. Qxb2 Rxb2 25. Bxe7 $11 1/2-1/2

[Event "ESTT O50  Wales - Greece "]
[Site "?"]
[Date "2016.04.19"]
[Round "1.1"]
[White "Morris, Charles F"]
[Black "Kotronias, Vasilios"]
[Result "0-1"]
[WhiteElo "2122"]
[BlackElo "2539"]
[PlyCount "108"]
[EventDate "2016.04.19"]
[SourceDate "2016.04.19"]

1. c4 e5 2. g3 Nf6 3. Bg2 c6 4. d4 exd4 5. Nf3 d5 6. Qxd4 Be7 7. O-O O-O 8.
cxd5 Nxd5 9. Nc3 Bf6 10. Qd2 Nxc3 11. bxc3 Qa5 12. Bb2 Nd7 13. Qc2 Nb6 14. Nd2
Qa4 15. Rfc1 Re8 16. Ne4 Qxc2 17. Rxc2 Bf5 18. Nxf6+ gxf6 19. e4 Bxe4 20. Bxe4
Rxe4 21. c4 Kg7 22. Rac1 Rd8 23. c5 Nd5 24. a3 Rde8 25. Kf1 Kg6 26. Rb1 f5 27.
Bc1 Re1+ 28. Kg2 R8e7 29. Rb3 Rd1 30. Kf3 a5 31. Bd2 a4 32. Rbb2 Ra1 33. Ra2
Rb1 34. Rab2 Rh1 35. h4 Ra1 36. Ra2 Rxa2 37. Rxa2 Nc7 38. Rb2 Nb5 39. Bb4 Nd4+
40. Kg2 f4 41. g4 f5 42. Rd2 f3+ 43. Kg3 Re4 44. gxf5+ Kxf5 45. Rd3 Rg4+ 46.
Kh3 h5 47. Bc3 Ne2 48. Rxf3+ Nf4+ 49. Kh2 Rxh4+ 50. Kg1 Rh3 51. Rxh3 Nxh3+ 52.
Kg2 Nf4+ 53. Kf3 Ne6 54. Bb4 Nd4+ 0-1

[Event "ESTT O50  Wales - Greece "]
[Site "?"]
[Date "2016.04.19"]
[Round "1.2"]
[White "Karagiannis, Athanasios"]
[Black "James, David J"]
[Result "1-0"]
[WhiteElo "2245"]
[BlackElo "2159"]
[Annotator "User,Windows"]
[PlyCount "65"]
[EventDate "2016.04.19"]
[SourceDate "2016.04.19"]

1. d4 Nf6 2. Nf3 e6 3. c4 d5 4. Nc3 Bb4 5. Bg5 O-O 6. e3 h6 7. Bh4 c6 8. Qc2
Nbd7 9. Bd3 Re8 10. O-O Be7 11. Rad1 Nf8 12. Ne5 N6d7 13. Bxe7 Rxe7 14. f4 f6
15. Nxd7 Bxd7 16. e4 dxe4 17. Nxe4 Kh8 $2 $18 (17... Be8 $16) 18. Nd6 Qc7 19.
c5 b6 20. Rfe1 bxc5 21. dxc5 Be8 22. Re3 $18 Bf7 23. Qc3 Bg8 24. Rde1 Nd7 25.
Bf5 $2 Nf8 (25... Nxc5 26. Qxc5 Rd8 27. Nc4 $2 Rd5 $17) 26. g4 Rd7 27. Bc2 Rxd6
$6 28. cxd6 Qxd6 29. g5 Qxf4 30. gxh6 gxh6 31. Rf1 Qg5+ 32. Rg3 Qe5 33. Rxf6
1-0

[Event "ESTT O50  Wales - Greece "]
[Site "?"]
[Date "2016.04.19"]
[Round "1.3"]
[White "Bevan, Peter M"]
[Black "Skolkotas, Nikalaos"]
[Result "1/2-1/2"]
[WhiteElo "1940"]
[BlackElo "2160"]
[Annotator "User,Windows"]
[PlyCount "81"]
[EventDate "2016.04.19"]
[SourceDate "2016.04.19"]

1. g3 d5 2. Nf3 g6 3. c4 Nf6 4. cxd5 Nxd5 5. Nc3 Bg7 6. Bg2 O-O 7. O-O Nc6 8.
d4 Nb6 9. d5 Na5 10. Qd3 c6 11. Rd1 cxd5 12. Nxd5 Nxd5 13. Qxd5 Be6 14. Qxd8
Rfxd8 15. Bd2 Nc4 16. Bc3 Nxb2 17. Rxd8+ Rxd8 18. Bxg7 Kxg7 19. Ng5 b6 20.
Nxe6+ fxe6 21. Rc1 Rd1+ 22. Rxd1 Nxd1 23. Kf1 Nc3 24. a3 Kf6 25. f4 e5 26.
fxe5+ Kxe5 $19 27. Bc6 Kd4 28. Kf2 b5 29. Kf3 a5 30. Be8 a4 31. e4 Ke5 (31...
b4 32. axb4 a3 $19) 32. Ke3 g5 33. Kd3 Nxe4 34. Bxb5 $15 h5 35. Bc6 Nc5+ 36.
Kc3 Kd6 37. Be8 h4 38. gxh4 gxh4 39. Kd4 Nd7 40. Ke3 e5 41. Kf3 1/2-1/2

[Event "ESTT O50  Wales - Greece "]
[Site "?"]
[Date "2016.04.19"]
[Round "1.4"]
[White "Tsomis, Dimitrios"]
[Black "Adams, Mark"]
[Result "1/2-1/2"]
[WhiteElo "1972"]
[BlackElo "1985"]
[Annotator "User,Windows"]
[PlyCount "70"]
[EventDate "2016.04.19"]
[SourceDate "2016.04.19"]

1. e4 c5 2. Nf3 a6 3. c3 g6 4. d4 cxd4 5. cxd4 d5 6. exd5 Nf6 7. Nc3 Nxd5 8.
Bc4 Nxc3 9. bxc3 Bg7 10. O-O O-O 11. Re1 e6 12. a4 Qc7 13. Qb3 Nc6 14. Bd3 Rd8
15. Bg5 Rf8 16. Be3 Ne7 17. Bd2 Bd7 18. Ne5 Bc8 19. a5 Nc6 20. Nc4 Rd8 21. Be4
Bd7 22. g3 e5 23. d5 Na7 $18 24. d6 $6 Qc5 25. Nb6 Be6 26. Qb2 $2 (26. c4 $1)
26... Rab8 27. Bg5 f6 $15 28. Be3 Qxd6 29. c4 Nc6 30. c5 Qe7 31. Qc1 Nd4 32.
Bxd4 Rxd4 33. c6 $19 bxc6 34. Qxc6 Rbd8 35. Qb7 Qd6 $19 1/2-1/2

[Event "ESTT O65 Norway - Wales"]
[Site "?"]
[Date "2016.04.20"]
[Round "2.1"]
[White "Kjolberg, Lars"]
[Black "Jones, Iolo"]
[Result "1/2-1/2"]
[WhiteElo "2146"]
[BlackElo "2193"]
[PlyCount "52"]
[EventDate "2016.04.19"]
[SourceDate "2016.04.19"]

1. d4 Nf6 2. c4 e6 3. g3 Bb4+ 4. Bd2 Qe7 5. Nf3 O-O 6. Bg2 Bxd2+ 7. Qxd2 d6 8.
Nc3 Nbd7 9. O-O c6 10. Rad1 e5 11. e4 Re8 12. Rfe1 Nb6 13. b3 Bg4 14. h3 Bh5
15. Re3 Bxf3 16. Bxf3 Nbd7 17. Bg2 Nf8 18. d5 c5 19. a3 Rac8 20. Rb1 a6 21. Bf1
Rb8 22. Kg2 Qd7 23. b4 Qc7 24. b5 N8d7 25. Qb2 Nb6 26. Bd3 a5 1/2-1/2

[Event "ESTT O65 Norway - Wales"]
[Site "?"]
[Date "2016.04.20"]
[Round "2.2"]
[White "Powell, J Lloyd"]
[Black "Taksrud, Vidar"]
[Result "1-0"]
[WhiteElo "2076"]
[BlackElo "2061"]
[PlyCount "101"]
[EventDate "2016.04.19"]
[SourceDate "2016.04.19"]

1. d4 Nf6 2. c4 e6 3. g3 Bb4+ 4. Bd2 c5 5. Bxb4 cxb4 6. Nf3 O-O 7. Bg2 d5 8.
Nbd2 a5 9. O-O Nc6 10. Qc2 Bd7 11. e4 $14 Rc8 12. e5 Ne8 13. Qd3 dxc4 14. Nxc4
Ne7 15. Ne3 Nc7 16. Rfc1 Bb5 17. Qd1 Ncd5 18. Rxc8 Qxc8 19. Rc1 Qd7 20. Ng5
Nxe3 21. fxe3 h6 22. Ne4 Nf5 23. Nc5 Qe7 24. Qd2 b6 25. Ne4 Rd8 26. Bh3 Qd7 27.
Bxf5 exf5 28. Nd6 Bc6 29. Qc2 Bd5 30. b3 a4 31. Nxf5 Ra8 32. e4 Be6 33. Nd6 a3
34. d5 Bg4 35. Qf2 Rf8 36. Qxb6 Qe7 37. Qd4 Qg5 38. Rf1 Bh3 39. Re1 Qh5 40. Nc4
f5 41. e6 f4 42. e7 Re8 43. d6 fxg3 44. Qd5+ Qf7 45. Qxf7+ Kxf7 46. hxg3 Rc8
47. Kh2 Bg4 48. Ne5+ Ke8 49. Nxg4 Rc2+ 50. Kh3 Rxa2 51. Rf1 1-0

[Event "ESTT O65 Norway - Wales"]
[Site "?"]
[Date "2016.04.20"]
[Round "2.3"]
[White "Johnsen, Oystein"]
[Black "Thornton, John D"]
[Result "0-1"]
[WhiteElo "2011"]
[BlackElo "2028"]
[PlyCount "116"]
[EventDate "2016.04.19"]
[SourceDate "2016.04.19"]

1. f4 d5 2. Nf3 g6 3. d3 Bg7 4. g3 c5 5. Bg2 Nc6 6. c3 e6 7. O-O Nge7 8. Na3
O-O 9. Qc2 a6 10. e4 b6 11. e5 Ra7 12. d4 Nf5 13. g4 Nh4 14. Qf2 Nxf3+ 15. Bxf3
cxd4 16. cxd4 f6 17. Be3 Raf7 18. Rac1 Bb7 19. Qg2 fxe5 20. fxe5 Nb4 21. Be2
Nxa2 (21... Bxe5 $142) 22. Rxf7 Rxf7 23. Ra1 Nb4 24. g5 Nc6 (24... Bxe5 $142)
25. Bg4 Qd7 26. Qh3 Bc8 27. Rc1 Bf8 28. Rf1 (28. Bxe6 $142 Qxe6 29. Qxe6 Bxe6
30. Rxc6 Bh3 31. Bf2 Be7 $15) 28... Rxf1+ 29. Qxf1 Ne7 30. Qc1 Qc6 31. Qf1 Nf5
32. Bf2 Bxa3 33. bxa3 Qc3 34. Bxf5 gxf5 35. h4 Qxa3 36. Qd1 Qb4 37. Qc1 Qc4 38.
Qa3 Qc7 39. h5 a5 40. Bh4 Ba6 41. g6 Be2 $2 (41... hxg6 $142 42. hxg6 f4) 42.
Bf6 Bxh5 43. g7 Qc8 (43... Qf7 44. Qd6) 44. Bg5 Kxg7 45. Qe7+ Bf7 46. Qf6+ Kf8
47. Qh8+ Bg8 48. Bh6+ $6 (48. Qf6+ $11) 48... Ke7 49. Qg7+ Bf7 50. Qf6+ Kd7 (
50... Ke8 51. Qg7) 51. Qxf7+ Kc6 {(=)} 52. Qxh7 Kb5 53. Be3 a4 54. Qh2 Qc3 55.
Qe2+ Kc6 56. Qf2 a3 57. Bd2 Qb2 58. Qe3 a2 0-1

[Event "ESTT O65 Norway - Wales"]
[Site "?"]
[Date "2016.04.20"]
[Round "2.4"]
[White "Miles, Richard"]
[Black "Henrichsen, Erland"]
[Result "1-0"]
[WhiteElo "1971"]
[BlackElo "1941"]
[PlyCount "127"]
[EventDate "2016.04.19"]
[SourceDate "2016.04.19"]

1. d4 Nf6 2. c4 g6 3. Nc3 d5 4. h4 Be6 5. cxd5 Nxd5 6. h5 (6. e4 Nxc3 7. bxc3
Bg7 8. h5) 6... Nxc3 7. bxc3 c5 8. hxg6 fxg6 9. e3 Bg7 10. Bd3 Nc6 11. Rxh7 Qd6
12. Rxh8+ (12. Rxg7 Rh1 13. Kd2 $18) 12... Bxh8 13. Bxg6+ Kd7 14. Nf3 Rg8 15.
Be4 Kc8 16. Ba3 Rxg2 17. Bxc5 Qc7 18. Qc2 Bc4 19. O-O-O Rg8 20. Rg1 Rf8 21. Rg3
Bf6 22. Qa4 b5 $2 23. Qa6+ Kd7 24. Bxc6+ Qxc6 25. Qxc6+ Kxc6 26. a3 a5 27. Kd2
Rh8 28. e4 e6 29. Ke3 Rh6 30. Rg1 Bb3 31. Bf8 Rh3 32. Rg3 Rh1 33. Rg1 Rh3 34.
Kf4 Rh8 35. Bg7 Bxg7 36. Rxg7 Rf8+ 37. Ke3 Rh8 38. Rg1 Rh3 39. Kf4 Kd6 40. Kg4
Rh7 41. Kf4 Rh3 42. Rc1 a4 43. Kg4 Rh7 44. Nd2 Ra7 45. c4 bxc4 46. Nxc4+ Ke7
47. Ne5 Rb7 48. Kf4 Ba2 49. Nc6+ Kd7 50. Nb4 Bb3 51. Ke5 Rb5+ 52. Rc5 Rb8 53.
Ra5 Rb6 54. Ra7+ Kc8 55. f4 Kb8 56. Rg7 Rxb4 57. axb4 a3 58. Rg1 Kc7 59. f5
exf5 60. Kxf5 Kd7 61. d5 a2 62. Ke5 Bc2 63. Rg7+ Kc8 64. Ra7 1-0

[Event "ESTT O50 Heart of Finland - Wales"]
[Site "?"]
[Date "2016.04.20"]
[Round "2.1"]
[White "Rantanen, Yrjo A"]
[Black "Morris, Charles"]
[Result "1-0"]
[WhiteElo "2302"]
[BlackElo "2122"]
[PlyCount "109"]
[EventDate "2016.04.19"]
[SourceDate "2016.04.19"]

1. e4 e6 2. d4 d5 3. e5 c5 4. c3 Qb6 5. Nf3 Nc6 6. a3 Nh6 7. b4 cxd4 8. Bxh6
gxh6 9. cxd4 Bd7 10. Ra2 Rg8 11. h3 Rc8 12. g3 a5 13. b5 Na7 14. a4 Bb4+ 15.
Ke2 Ke7 16. Ke3 Kf8 17. Bd3 Kg7 18. Rc2 Rxc2 19. Bxc2 Nc8 20. Qd3 Rh8 21. Ke2
Ne7 22. Qe3 Rf8 23. Rc1 Qd8 24. Nbd2 Qc7 25. Kd1 Rc8 26. Nb1 Qc4 27. Qd3 Ng6
28. Qxc4 Rxc4 29. Bd3 Rxc1+ 30. Kxc1 f6 31. exf6+ Kxf6 32. Nbd2 Bd6 33. h4 h5
34. Ng5 h6 35. Nde4+ dxe4 36. Nxe4+ Ke7 37. Nxd6 Nxh4 38. Nxb7 Nf3 39. Be2 Nxd4
40. Bxh5 Nb3+ 41. Kb2 Bc8 42. Kxb3 Bxb7 43. Kc3 Kd6 44. f4 Bd5 45. Bd1 e5 46.
f5 Ke7 47. Bb3 Be4 48. Bc2 Bd5 49. Kd2 Kd6 50. Ke3 Kc5 51. f6 Kd6 52. Be4 Bf7
53. b6 Kd7 54. g4 Kd6 55. Kf3 1-0

[Event "ESTT O50 Heart of Finland - Wales"]
[Site "?"]
[Date "2016.04.20"]
[Round "2.2"]
[White "James, David J"]
[Black "Viljava, Tapani"]
[Result "0-1"]
[WhiteElo "2159"]
[BlackElo "2170"]
[PlyCount "112"]
[EventDate "2016.04.19"]
[SourceDate "2016.04.19"]

1. Nf3 c5 2. c4 g6 3. d4 cxd4 4. Qxd4 Nf6 5. Nc3 Bg7 6. e4 d6 7. Be2 O-O 8. Qd1
Nbd7 9. O-O b6 10. Nd4 Bb7 11. f3 a6 12. Be3 Qc7 13. Rc1 e6 14. Qd2 Rfe8 15.
Rfd1 Rad8 16. Qe1 Qb8 17. Qf2 Ba8 18. Nc2 Rc8 19. Ne1 Bf8 20. g4 Red8 21. g5
Ne8 22. b3 Bc6 23. Nc2 Ba8 24. Ne1 Nc7 25. a4 Bc6 26. Nc2 Nc5 27. Rb1 Be8 28.
Nd4 Qb7 29. Rdc1 Bg7 30. b4 Nd7 $14 31. a5 e5 $6 32. Nb3 b5 33. cxb5 Nxb5 34.
Nxb5 axb5 35. Rxc8 $16 Rxc8 36. Rc1 Rxc1+ 37. Nxc1 d5 38. exd5 Nb8 39. d6 Na6
40. Qe1 (40. Bc5 $18) 40... Qc6 41. Nb3 Bf8 42. Nc5 Bxd6 43. Nxa6 Qxa6 44. Qc3
Qb7 45. Bc5 Qc6 46. Qe3 Bd7 47. Bxd6 Qxd6 48. Qc5 (48. Qb6 $142 $16) 48... Qd2
49. Kf2 $11 Qxg5 50. a6 Qh4+ 51. Kg1 $2 (51. Ke3 $11) 51... Qe1+ 52. Bf1 Bh3
53. Qf2 Qa1 54. a7 Bxf1 55. Qc5 Bh3+ 56. Kf2 Qf1+ 0-1

[Event "ESTT O50 Heart of Finland - Wales"]
[Site "?"]
[Date "2016.04.20"]
[Round "2.3"]
[White "Kivimaki, Jaakko"]
[Black "Bevan, Peter M"]
[Result "1-0"]
[WhiteElo "2158"]
[BlackElo "1940"]
[PlyCount "91"]
[EventDate "2016.04.19"]
[SourceDate "2016.04.19"]

1. d4 Nf6 2. Nf3 g6 3. b4 Bg7 4. e3 O-O 5. a4 d6 6. Ba3 e5 7. c3 Nbd7 8. Be2
Re8 9. Qb3 exd4 10. cxd4 Nf8 11. O-O Be6 12. Bc4 c6 13. Nc3 Bxc4 14. Qxc4 d5
15. Qb3 Ne4 16. Nxe4 dxe4 17. Nd2 Qd5 18. b5 Qxb3 19. Nxb3 cxb5 20. axb5 b6 21.
Bd6 Red8 22. Bg3 Rd5 23. Nd2 f5 24. Rfb1 Ne6 25. Nc4 Rc8 26. Nd6 Rd8 27. Rxa7
f4 28. Nxe4 fxg3 29. hxg3 Nxd4 30. exd4 Rxd4 31. Ng5 Rd1+ $2 (31... R4d5 $14)
32. Rxd1 Rxd1+ 33. Kh2 Rd5 $2 (33... Bf6 34. Nxh7 Bd8 $16) 34. Ra8+ $18 Bf8 35.
Ne6 Rf5 36. f4 Rf6 37. Rxf8+ Rxf8 38. Nxf8 Kxf8 39. g4 Ke7 40. g5 Ke6 41. g4
Kd5 42. f5 Ke5 43. f6 Ke6 44. Kg3 h6 45. gxh6 Kxf6 46. g5+ 1-0

[Event "ESTT O50 Heart of Finland - Wales"]
[Site "?"]
[Date "2016.04.20"]
[Round "2.4"]
[White "Adams, Mark"]
[Black "Meskanen, Vesa"]
[Result "1/2-1/2"]
[WhiteElo "1985"]
[BlackElo "2069"]
[PlyCount "57"]
[EventDate "2016.04.19"]
[SourceDate "2016.04.19"]

1. e4 e5 2. Nf3 Nc6 3. Nc3 d6 4. Bb5 Bd7 5. d4 exd4 6. Nxd4 Nf6 7. O-O Be7 8.
Re1 a6 9. Bxc6 bxc6 10. Qf3 O-O 11. Bf4 Rb8 12. b3 Rb4 13. Nf5 Bxf5 14. exf5 d5
15. Rad1 Nd7 16. Bxc7 Qxc7 17. Rxe7 Qd6 18. Rde1 Nf6 19. R7e2 Rf4 20. Qd3 c5
21. g3 c4 22. bxc4 Rxc4 23. Rd1 Qc5 24. Nxd5 Nxd5 25. Qxd5 Rxc2 26. Qxc5 Rxc5
27. g4 h5 28. f3 Rfc8 29. Re3 1/2-1/2

[Event "ESTT O65 Wales - Switzerland"]
[Site "?"]
[Date "2016.04.21"]
[Round "3.1"]
[White "Jones, Iolo C"]
[Black "Vucenovic, Dragomir"]
[Result "1/2-1/2"]
[WhiteElo "2193"]
[BlackElo "2243"]
[PlyCount "113"]
[EventDate "2016.04.19"]
[SourceDate "2016.04.19"]

1. d4 d5 2. Nf3 c6 3. e3 Nf6 4. c4 a6 5. a4 g6 6. Nc3 Bg7 7. Qb3 O-O 8. Be2 a5
9. O-O Na6 10. Bd2 e6 11. Rfc1 Ne4 12. Be1 Nd6 13. c5 Nf5 14. Na2 Nb8 15. Bd3
Nd7 16. Qc2 Nh4 17. Nxh4 Qxh4 18. f4 Qd8 19. Be2 f5 20. Rd1 Nf6 21. Nc1 Ne4 22.
Nd3 Bf6 23. Nf2 Bd7 24. Nxe4 fxe4 25. Bg3 Qe8 26. Qd2 Bd8 27. Ra3 Bc7 28. Rb3
Bc8 29. Rf1 Ra7 30. Qe1 Bd7 31. h4 Bd8 32. Bg4 h5 33. Bh3 Bf6 34. Bf2 Bd8 35.
Kh2 e5 36. Bxd7 Qxd7 37. dxe5 Be7 38. Rc3 Raa8 39. Qd1 Qd8 40. g3 Rf7 41. Kg2
Qf8 42. Qc2 Qc8 43. Rc1 Qf5 44. Rb3 Bf8 45. Qe2 Qd7 46. Rbc3 Be7 47. R3c2 Rh7
48. Kh2 Kf7 49. Be1 Rhh8 50. Qg2 Qf5 51. Qh3 Ke6 52. b3 Kf7 53. Bc3 Ke6 54. Bd4
Rh7 55. Rb1 Bd8 56. Rcb2 Ra7 57. Rc2 1/2-1/2

[Event "ESTT O65 Wales - Switzerland"]
[Site "?"]
[Date "2016.04.21"]
[Round "3.2"]
[White "Bhend, Edwin"]
[Black "Powell, J Lloyd"]
[Result "1/2-1/2"]
[WhiteElo "2188"]
[BlackElo "2076"]
[PlyCount "29"]
[EventDate "2016.04.19"]
[SourceDate "2016.04.19"]

1. e4 c5 2. Nf3 e6 3. d3 Nc6 4. c3 Nf6 5. Nbd2 Be7 6. Be2 O-O 7. O-O Qc7 8. Re1
b6 9. Bf1 Bb7 10. a3 d5 11. b3 Rac8 12. Bb2 dxe4 13. dxe4 Rfd8 14. Qc2 a6 15.
Rad1 1/2-1/2

[Event "ESTT O65 Wales - Switzerland"]
[Site "?"]
[Date "2016.04.21"]
[Round "3.3"]
[White "Thornton, John D"]
[Black "Illi, Hans-Joerg"]
[Result "1/2-1/2"]
[WhiteElo "2028"]
[BlackElo "2075"]
[PlyCount "30"]
[EventDate "2016.04.19"]
[SourceDate "2016.04.19"]

1. e4 e6 2. d4 d5 3. Nc3 Bb4 4. e5 b6 5. a3 Bxc3+ 6. bxc3 Qd7 7. a4 Ba6 8. Bxa6
Nxa6 9. Qd3 Nb8 10. Nf3 Nc6 11. c4 Nge7 12. O-O h6 13. Ba3 O-O 14. cxd5 exd5
15. c3 Rfd8 1/2-1/2

[Event "ESTT O50 Wales - Italy"]
[Site "?"]
[Date "2016.04.21"]
[Round "3.1"]
[White "Morris, Charles F"]
[Black "Mariotti, Sergio"]
[Result "1/2-1/2"]
[WhiteElo "2122"]
[BlackElo "2294"]
[PlyCount "74"]
[EventDate "2016.04.19"]
[SourceDate "2016.04.19"]

1. c4 e5 2. g3 Nf6 3. Bg2 c6 4. d4 exd4 5. Qxd4 d5 6. Nf3 Be7 7. cxd5 Qxd5 8.
Nc3 Qxd4 9. Nxd4 O-O 10. O-O Rd8 11. Nb3 Na6 12. a3 Nc7 13. Na5 Bc5 14. Na4 Bb6
15. b4 Bxa5 16. bxa5 Rd4 17. Nc5 Rc4 18. Be3 Nfd5 19. Rad1 b6 20. Nb3 Bb7 21.
Bd4 Ne6 22. axb6 Nxd4 23. Rxd4 Rxd4 24. Nxd4 axb6 25. Bxd5 cxd5 26. Rb1 Ra6 27.
Nb5 Kf8 28. Nc7 Rxa3 29. Rxb6 Ra7 30. f3 Ke7 31. Kf2 Ba8 32. Nxa8 Rxa8 33. Ke3
Ra3+ 34. Kd4 Ra2 35. Kd3 Ra3+ 36. Kd4 Ra2 37. Kd3 Ra3+ 1/2-1/2

[Event "ESTT O50 Wales - Italy"]
[Site "?"]
[Date "2016.04.21"]
[Round "3.2"]
[White "Bellia, Fabrizio"]
[Black "James, David J"]
[Result "1-0"]
[WhiteElo "2442"]
[BlackElo "2159"]
[PlyCount "75"]
[EventDate "2016.04.19"]
[SourceDate "2016.04.19"]

1. e4 c5 2. Nf3 d6 3. d4 cxd4 4. Nxd4 Nf6 5. Nc3 a6 6. Be2 e5 7. Nb3 Be7 8. O-O
O-O 9. a4 Be6 10. Bf3 Nbd7 11. Re1 Rc8 12. a5 Nc5 13. Nd2 Ncd7 14. Nb3 Nc5 15.
Be3 Nxb3 16. cxb3 Qc7 17. Re2 Qb8 18. Rd2 Rfd8 19. h3 h6 20. Na4 Nh7 21. Nb6
Rc6 22. Bg4 Bg5 $6 (22... Bxg4 $142 23. Qxg4 Nf6) 23. Bxe6 fxe6 24. Bxg5 Nxg5
25. Qg4 Re8 26. Rad1 Qc7 27. Nc4 Nf7 28. Rd3 $16 Qe7 29. h4 Rf8 30. Rg3 Nh8 31.
Rxd6 Rxd6 32. Nxd6 Rf4 33. Qd1 Rxh4 34. Nc8 $6 (34. Qd2 $142) 34... Qf6 $2 (
34... Qe8 $1) 35. Qd7 Nf7 36. Qe8+ Kh7 37. Ne7 h5 38. Rg6 1-0

[Event "ESTT O50 Wales - Italy"]
[Site "?"]
[Date "2016.04.21"]
[Round "3.3"]
[White "Bevan, Peter M"]
[Black "Bruno, Fabio"]
[Result "0-1"]
[WhiteElo "1940"]
[BlackElo "2427"]
[PlyCount "86"]
[EventDate "2016.04.19"]
[SourceDate "2016.04.19"]

1. c4 e6 2. g3 d5 3. Nf3 Nf6 4. Bg2 Bd6 5. b3 c5 6. e3 Nc6 7. O-O d4 8. exd4
cxd4 9. Re1 O-O 10. Bb2 e5 11. d3 Re8 12. Ng5 Bf8 13. Ba3 Nb4 14. Bxb4 Bxb4 15.
Re2 h6 16. Ne4 Bg4 17. f3 Bf5 18. Nbd2 Nd7 19. a3 Bf8 20. Re1 a5 21. Qe2 Qc7
22. g4 Bg6 23. Reb1 Be7 24. Qf2 Nf8 25. f4 exf4 26. Qxd4 Rad8 27. Qc3 Ne6 28.
Nf3 Bc5+ 29. Kh1 Be3 30. Re1 Bxe4 31. dxe4 Nc5 32. Qc2 Qd7 33. h3 Nxe4 34. Nh4
Nf2+ 35. Kh2 Qc7 36. Nf3 Re7 37. Re2 Nd3 38. Rd1 Red7 39. Qc3 Bf2 40. Rdd2 Bg3+
41. Kh1 b5 42. Rc2 b4 43. axb4 axb4 0-1